000 00415cam a22001217a 4500
008 180718b1978 xxu||||| |||| 00| 0 eng d
082 _aA81x54 In2/71/18/PT6B/1
100 _aCensus of India 1971
245 _aRajasthan: special survey report on selected town, Deeg
260 _aDelhi
_bThe Controller of Publications
_c1978
300 _a786+p.
440 _aCensus of India 1971. Series-18, Rajasthan. Part VI-B (i)
999 _c485405
_d485405